Longest Rivers - World Map Sudden Death - Statistics

General Stats
  • This quiz has been taken 304 times
  • The average score is 12 of 21
Answers on the Grid
Answers color-coded by a green-red scale on the quiz's grid according to % correct below.
 
Answer Stats
Answer % Correct
89%
Amazon
88%
Nile (very small part)
86%
80%
79%
79%
77%
Amazon
74%
70%
68%
66%
65%
Congo
55%
49%
43%
Mackenzie
37%
34%
33%
Río de la Plata, Paraná, Rio Grande
28%
Mackenzie
26%
Murray
10%
No matching quizzes found
Score Distribution
Percent of People with Each Score
Percentile by Number Answered
Your Score History
You have not taken this quiz